<?xml version="1.0" encoding="UTF-8"?>
<record
    xmlns:xsi="http://www.w3.org/2001/XMLSchema-instance"
    xsi:schemaLocation="http://www.loc.gov/MARC21/slim http://www.loc.gov/standards/marcxml/schema/MARC21slim.xsd"
    xmlns="http://www.loc.gov/MARC21/slim">

  <leader>00801nam a22002057a 4500</leader>
  <datafield tag="999" ind1=" " ind2=" ">
    <subfield code="c">196291</subfield>
    <subfield code="d">196291</subfield>
  </datafield>
  <controlfield tag="005">20230717162455.0</controlfield>
  <datafield tag="010" ind1=" " ind2=" ">
    <subfield code="a">B-754727-739                              CHEN 25.5.23</subfield>
  </datafield>
  <datafield tag="020" ind1=" " ind2=" ">
    <subfield code="a">9788181534781</subfield>
    <subfield code="c">220.00</subfield>
  </datafield>
  <datafield tag="035" ind1=" " ind2=" ">
    <subfield code="a">B-754727-739</subfield>
  </datafield>
  <datafield tag="037" ind1=" " ind2=" ">
    <subfield code="b">Rainbow Books</subfield>
  </datafield>
  <datafield tag="082" ind1=" " ind2=" ">
    <subfield code="a">000</subfield>
  </datafield>
  <datafield tag="245" ind1=" " ind2=" ">
    <subfield code="a">Do You Know WHERE /</subfield>
    <subfield code="c">comp. and ed. by Aryan &amp; Aakanksha</subfield>
  </datafield>
  <datafield tag="260" ind1=" " ind2=" ">
    <subfield code="a">Delhi</subfield>
    <subfield code="b">Rainbow Books</subfield>
    <subfield code="c">2019(repr.)</subfield>
  </datafield>
  <datafield tag="270" ind1=" " ind2=" ">
    <subfield code="a">F-32, Street No.12, Parwana Road, Jagat Puri, Delhi</subfield>
    <subfield code="b">Delhi</subfield>
    <subfield code="e">110051</subfield>
  </datafield>
  <datafield tag="300" ind1=" " ind2=" ">
    <subfield code="a">64p.</subfield>
    <subfield code="b">col.ill</subfield>
    <subfield code="c">25cm(Hb)</subfield>
  </datafield>
  <datafield tag="700" ind1=" " ind2=" ">
    <subfield code="a">Aryan</subfield>
  </datafield>
  <datafield tag="700" ind1=" " ind2=" ">
    <subfield code="a">Aakanksha</subfield>
  </datafield>
  <datafield tag="942" ind1=" " ind2=" ">
    <subfield code="2">ddc</subfield>
    <subfield code="c">CH</subfield>
    <subfield code="m">DOY</subfield>
    <subfield code="h">000</subfield>
  </datafield>
  <datafield tag="952" ind1=" " ind2=" ">
    <subfield code="0">0</subfield>
    <subfield code="1">0</subfield>
    <subfield code="4">0</subfield>
    <subfield code="7">0</subfield>
    <subfield code="8">NFIC</subfield>
    <subfield code="a">L</subfield>
    <subfield code="b">L</subfield>
    <subfield code="d">2023-07-17</subfield>
    <subfield code="e">Rainbow Books/CH/RB/13597/14.3.23/459/2.3.23/22.3.23</subfield>
    <subfield code="g">220.00</subfield>
    <subfield code="l">0</subfield>
    <subfield code="o">000 DOY</subfield>
    <subfield code="p">B-754727</subfield>
    <subfield code="r">2023-07-17 00:00:00</subfield>
    <subfield code="t">1</subfield>
    <subfield code="v">220.00</subfield>
    <subfield code="w">2023-07-17</subfield>
    <subfield code="y">CH</subfield>
  </datafield>
  <datafield tag="952" ind1=" " ind2=" ">
    <subfield code="0">0</subfield>
    <subfield code="1">0</subfield>
    <subfield code="4">0</subfield>
    <subfield code="7">0</subfield>
    <subfield code="8">NFIC</subfield>
    <subfield code="a">M</subfield>
    <subfield code="b">M</subfield>
    <subfield code="d">2023-07-17</subfield>
    <subfield code="e">Rainbow Books/CH/RB/13597/14.3.23/459/2.3.23/22.3.23</subfield>
    <subfield code="g">220.00</subfield>
    <subfield code="l">0</subfield>
    <subfield code="o">000 DOY</subfield>
    <subfield code="p">B-754728</subfield>
    <subfield code="r">2023-07-17 00:00:00</subfield>
    <subfield code="t">2</subfield>
    <subfield code="v">220.00</subfield>
    <subfield code="y">CH</subfield>
  </datafield>
  <datafield tag="952" ind1=" " ind2=" ">
    <subfield code="0">0</subfield>
    <subfield code="1">0</subfield>
    <subfield code="4">0</subfield>
    <subfield code="7">0</subfield>
    <subfield code="8">NFIC</subfield>
    <subfield code="a">M</subfield>
    <subfield code="b">M</subfield>
    <subfield code="d">2023-07-17</subfield>
    <subfield code="e">Rainbow Books/CH/RB/13597/14.3.23/459/2.3.23/22.3.23</subfield>
    <subfield code="g">220.00</subfield>
    <subfield code="l">0</subfield>
    <subfield code="o">000 DOY</subfield>
    <subfield code="p">B-754729</subfield>
    <subfield code="r">2023-07-17 00:00:00</subfield>
    <subfield code="t">2</subfield>
    <subfield code="v">220.00</subfield>
    <subfield code="y">CH</subfield>
  </datafield>
  <datafield tag="952" ind1=" " ind2=" ">
    <subfield code="0">0</subfield>
    <subfield code="1">0</subfield>
    <subfield code="4">0</subfield>
    <subfield code="7">0</subfield>
    <subfield code="8">NFIC</subfield>
    <subfield code="a">AV</subfield>
    <subfield code="b">AV</subfield>
    <subfield code="d">2023-07-17</subfield>
    <subfield code="e">Rainbow Books/CH/RB/13597/14.3.23/459/2.3.23/22.3.23</subfield>
    <subfield code="g">220.00</subfield>
    <subfield code="l">0</subfield>
    <subfield code="o">000 DOY</subfield>
    <subfield code="p">B-754730</subfield>
    <subfield code="r">2023-07-17 00:00:00</subfield>
    <subfield code="t">1</subfield>
    <subfield code="v">220.00</subfield>
    <subfield code="y">CH</subfield>
  </datafield>
  <datafield tag="952" ind1=" " ind2=" ">
    <subfield code="0">0</subfield>
    <subfield code="1">0</subfield>
    <subfield code="4">0</subfield>
    <subfield code="7">0</subfield>
    <subfield code="8">NFIC</subfield>
    <subfield code="a">BL1</subfield>
    <subfield code="b">BL1</subfield>
    <subfield code="d">2023-07-17</subfield>
    <subfield code="e">Rainbow Books/CH/RB/13597/14.3.23/459/2.3.23/22.3.23</subfield>
    <subfield code="g">220.00</subfield>
    <subfield code="l">0</subfield>
    <subfield code="o">000 DOY</subfield>
    <subfield code="p">B-754731</subfield>
    <subfield code="r">2023-07-17 00:00:00</subfield>
    <subfield code="t">1</subfield>
    <subfield code="v">220.00</subfield>
    <subfield code="y">CH</subfield>
  </datafield>
  <datafield tag="952" ind1=" " ind2=" ">
    <subfield code="0">0</subfield>
    <subfield code="1">0</subfield>
    <subfield code="4">0</subfield>
    <subfield code="7">0</subfield>
    <subfield code="8">NFIC</subfield>
    <subfield code="a">TN</subfield>
    <subfield code="b">TN</subfield>
    <subfield code="d">2023-07-17</subfield>
    <subfield code="e">Rainbow Books/CH/RB/13597/14.3.23/459/2.3.23/22.3.23</subfield>
    <subfield code="g">220.00</subfield>
    <subfield code="l">0</subfield>
    <subfield code="o">000 DOY</subfield>
    <subfield code="p">B-754732</subfield>
    <subfield code="r">2023-07-17 00:00:00</subfield>
    <subfield code="t">1</subfield>
    <subfield code="v">220.00</subfield>
    <subfield code="y">CH</subfield>
  </datafield>
  <datafield tag="952" ind1=" " ind2=" ">
    <subfield code="0">0</subfield>
    <subfield code="1">0</subfield>
    <subfield code="4">0</subfield>
    <subfield code="7">0</subfield>
    <subfield code="8">NFIC</subfield>
    <subfield code="a">ZLS</subfield>
    <subfield code="b">ZLS</subfield>
    <subfield code="d">2023-07-17</subfield>
    <subfield code="e">Rainbow Books/CH/RB/13597/14.3.23/459/2.3.23/22.3.23</subfield>
    <subfield code="g">220.00</subfield>
    <subfield code="l">1</subfield>
    <subfield code="o">000 DOY</subfield>
    <subfield code="p">B-754733</subfield>
    <subfield code="r">2026-07-03 10:03:07</subfield>
    <subfield code="s">2026-06-08</subfield>
    <subfield code="t">1</subfield>
    <subfield code="v">220.00</subfield>
    <subfield code="y">CH</subfield>
  </datafield>
  <datafield tag="952" ind1=" " ind2=" ">
    <subfield code="0">0</subfield>
    <subfield code="1">0</subfield>
    <subfield code="4">0</subfield>
    <subfield code="7">0</subfield>
    <subfield code="8">NFIC</subfield>
    <subfield code="a">RKP</subfield>
    <subfield code="b">RKP</subfield>
    <subfield code="d">2023-07-17</subfield>
    <subfield code="e">Rainbow Books/CH/RB/13597/14.3.23/459/2.3.23/22.3.23</subfield>
    <subfield code="g">220.00</subfield>
    <subfield code="l">1</subfield>
    <subfield code="o">000 DOY</subfield>
    <subfield code="p">B-754734</subfield>
    <subfield code="r">2024-04-12 00:00:00</subfield>
    <subfield code="s">2024-03-20</subfield>
    <subfield code="t">1</subfield>
    <subfield code="v">220.00</subfield>
    <subfield code="y">CH</subfield>
  </datafield>
  <datafield tag="952" ind1=" " ind2=" ">
    <subfield code="0">0</subfield>
    <subfield code="1">0</subfield>
    <subfield code="4">0</subfield>
    <subfield code="7">0</subfield>
    <subfield code="8">NFIC</subfield>
    <subfield code="a">NR</subfield>
    <subfield code="b">NR</subfield>
    <subfield code="d">2023-07-17</subfield>
    <subfield code="e">Rainbow Books/CH/RB/13597/14.3.23/459/2.3.23/22.3.23</subfield>
    <subfield code="g">220.00</subfield>
    <subfield code="l">0</subfield>
    <subfield code="o">000 DOY</subfield>
    <subfield code="p">B-754735</subfield>
    <subfield code="r">2023-07-17 00:00:00</subfield>
    <subfield code="t">1</subfield>
    <subfield code="v">220.00</subfield>
    <subfield code="y">CH</subfield>
  </datafield>
  <datafield tag="952" ind1=" " ind2=" ">
    <subfield code="0">0</subfield>
    <subfield code="1">0</subfield>
    <subfield code="4">0</subfield>
    <subfield code="7">0</subfield>
    <subfield code="8">NFIC</subfield>
    <subfield code="a">BN</subfield>
    <subfield code="b">BN</subfield>
    <subfield code="d">2023-07-17</subfield>
    <subfield code="e">Rainbow Books/CH/RB/13597/14.3.23/459/2.3.23/22.3.23</subfield>
    <subfield code="g">220.00</subfield>
    <subfield code="l">0</subfield>
    <subfield code="o">000 DOY</subfield>
    <subfield code="p">B-754736</subfield>
    <subfield code="r">2023-07-17 00:00:00</subfield>
    <subfield code="t">1</subfield>
    <subfield code="v">220.00</subfield>
    <subfield code="y">CH</subfield>
  </datafield>
  <datafield tag="952" ind1=" " ind2=" ">
    <subfield code="0">0</subfield>
    <subfield code="1">0</subfield>
    <subfield code="4">0</subfield>
    <subfield code="7">0</subfield>
    <subfield code="8">NFIC</subfield>
    <subfield code="a">MP</subfield>
    <subfield code="b">MP</subfield>
    <subfield code="d">2023-07-17</subfield>
    <subfield code="e">Rainbow Books/CH/RB/13597/14.3.23/459/2.3.23/22.3.23</subfield>
    <subfield code="g">220.00</subfield>
    <subfield code="l">0</subfield>
    <subfield code="o">000 DOY</subfield>
    <subfield code="p">B-754737</subfield>
    <subfield code="r">2023-07-17 00:00:00</subfield>
    <subfield code="t">1</subfield>
    <subfield code="v">220.00</subfield>
    <subfield code="y">CH</subfield>
  </datafield>
  <datafield tag="952" ind1=" " ind2=" ">
    <subfield code="0">0</subfield>
    <subfield code="1">0</subfield>
    <subfield code="4">0</subfield>
    <subfield code="7">0</subfield>
    <subfield code="8">NFIC</subfield>
    <subfield code="a">BL4</subfield>
    <subfield code="b">BL4</subfield>
    <subfield code="d">2023-07-17</subfield>
    <subfield code="e">Rainbow Books/CH/RB/13597/14.3.23/459/2.3.23/22.3.23</subfield>
    <subfield code="g">220.00</subfield>
    <subfield code="l">3</subfield>
    <subfield code="m">2</subfield>
    <subfield code="o">000 DOY</subfield>
    <subfield code="p">B-754738</subfield>
    <subfield code="r">2025-06-09 00:00:00</subfield>
    <subfield code="s">2025-04-30</subfield>
    <subfield code="t">1</subfield>
    <subfield code="v">220.00</subfield>
    <subfield code="y">CH</subfield>
  </datafield>
  <datafield tag="952" ind1=" " ind2=" ">
    <subfield code="0">0</subfield>
    <subfield code="1">0</subfield>
    <subfield code="4">0</subfield>
    <subfield code="7">0</subfield>
    <subfield code="8">NFIC</subfield>
    <subfield code="a">BL4</subfield>
    <subfield code="b">BL4</subfield>
    <subfield code="d">2023-07-17</subfield>
    <subfield code="e">Rainbow Books/CH/RB/13597/14.3.23/459/2.3.23/22.3.23</subfield>
    <subfield code="g">220.00</subfield>
    <subfield code="l">0</subfield>
    <subfield code="o">000 DOY</subfield>
    <subfield code="p">B-754739</subfield>
    <subfield code="r">2023-07-17 00:00:00</subfield>
    <subfield code="t">1</subfield>
    <subfield code="v">220.00</subfield>
    <subfield code="y">CH</subfield>
  </datafield>
</record>
